000 00304nam a2200109Ia 4500
008 220204s9999 xx 000 0 und d
082 _a330.115
_bINT.3A
245 0 _aFrontiers of quantitative economics. V 3A.
260 _aNew York
_bNorth Holland
_c1977
700 _aINTRILIGATOR, Michael D
942 _cBK
999 _c28689
_d28689